ბათუმის შოთა რუსთაველის სახელმწიფო უნივერსიტეტის ბიბლიოთეკა

ქართული წიგნი. (ბიბ.ჩანაწერი № 44732)

000 -LEADER
fixed length control field 00976nam a2200205Ia 4500
001 - CONTROL NUMBER
control field 11537
003 - CONTROL NUMBER IDENTIFIER
control field GE_BSU
008 - FIXED-LENGTH DATA ELEMENTS--GENERAL INFORMATION
fixed length control field 181216s||||||||xx |||||||||||||| ||und||
040 ## - CATALOGING SOURCE
Transcribing agency GE_BSU
080 ## - UNIVERSAL DECIMAL CLASSIFICATION NUMBER
Universal Decimal Classification number 015(079.22)+016:002.2(479.22)
245 ## - TITLE STATEMENT
Title ქართული წიგნი.
245 ## - TITLE STATEMENT
Remainder of title ბიბლიოგრაფია.ტ.2. 1921–1945 ნაკვ.III.საძიებლები.
245 ## - TITLE STATEMENT
Statement of responsibility, etc. წიგნი შედგენილია პალატის მუშაკების:თ.ჩუბინიძის; ე.დიასამიძის; თ.ნაკაშიძის და ვ.ჯოჯუას მიერ; რედ:ვ.გოგოლაძე; მხატვარი:ლ.გრიგოლია.
260 ## - PUBLICATION, DISTRIBUTION, ETC.
Place of publication, distribution, etc. თბილისი.
260 ## - PUBLICATION, DISTRIBUTION, ETC.
Name of publisher, distributor, etc. ტექნიკა და შრომა.
260 ## - PUBLICATION, DISTRIBUTION, ETC.
Date of publication, distribution, etc. 1954.
300 ## - PHYSICAL DESCRIPTION
Extent 161გვ;30სმ.
653 ## - INDEX TERM--UNCONTROLLED
Uncontrolled term ქართული წიგნი.
942 ## - ADDED ENTRY ELEMENTS (KOHA)
Koha item type წიგნი
ეგზემპლარები
Withdrawn status Lost status Damaged status Not for loan Date acquired Barcode Date last seen Price effective from Koha item type
        2018-12-17 19393 2018-12-17 2018-12-17 წიგნი